| 000 | 01752cam a22003375a 4500 | ||
|---|---|---|---|
| 001 | L136604 | ||
| 008 | 070212s2007 xxka f 000 0 eng u | ||
| 035 | _a(Sirsi) u136604 | ||
| 041 | 0 | _aeng | |
| 050 | _a711.1 $2 18 | ||
| 100 | 1 | _aBradwell, Peter | |
| 245 | 0 | 0 |
_aFuture planners _bpropositions for the next age of planning _h[electronic resource] |
| 260 |
_aLondon _bRICS _c2007 |
||
| 300 |
_a26p. _c21cm. |
||
| 505 | _aThe renaissance of place -- The right battle? -- Change and the planner -- The future planner -- Propositions for supporting the next age of planners -- Long live the future planner. | ||
| 520 | _aArgues that old-fashioned notions of private and public value have led to planners having to manage competing demands of economic progress and environmental sustainability and that to succeed and thrive, the profession must bridge the gap, using resources from the private and public sectors, local communities and NGOs, to create places that people care for and enjoy, planning areas and neighbourhoods which flourish while protecting the environment. | ||
| 590 | _aKA NTK | ||
| 651 | 4 |
_aUnited Kingdom _y |
|
| 690 | _aENVIRONMENTAL AND LAND CONSULTANCY-PLANNING AND DEVELOPMENT-PLANNING REFORM | ||
| 700 | 1 | _aJohar, Inderpaul | |
| 700 | 1 | _aMaguire, Clara | |
| 700 | 1 | _aMiner, Paul | |
| 710 | 1 |
_aRoyal Institution of Chartered Surveyors _94900 |
|
| 710 | 1 |
_aDemos _94582 |
|
| 710 | 1 |
_aCampaign to Protect Rural England _94718 |
|
| 710 | 1 |
_aEnglish Partnerships _91764 |
|
| 710 | 1 | _aZero Zero Research | |
| 710 | 1 |
_aThe Royal Town Planning Institute _92401 |
|
| 856 | 4 | 1 |
_uhttps://www.rics.org/site/download_feed.aspx?fileID=4596&fileExtension=PDF _zView the report free of charge at www.rics.org... |
| 942 | _n0 | ||
| 999 |
_c106450 _d106450 |
||